[Event "British Universities-ch"]
[Site "Chess.com INT"]
[Date "2022.03.05"]
[Round "9.4"]
[White "Pennington, Owen"]
[Black "Browse, Joseph"]
[Result "1/2-1/2"]
[WhiteElo "1578"]
[BlackElo "1649"]
[PlyCount "145"]
[EventDate "2022.03.05"]
[EventType "swiss"]
[EventRounds "9"]
[EventCountry "ENG"]
[SourceTitle "EXT 2023"]
[Source "ChessBase"]
[SourceDate "2022.10.05"]
[SourceVersion "1"]
[SourceVersionDate "2022.10.05"]
[SourceQuality "1"]
[WhiteTeam "Kent"]
[BlackTeam "Cardiff"]
[WhiteTeamCountry "ENG"]
[BlackTeamCountry "WLS"]

1. d4 d5 2. Bf4 Nf6 3. e3 e6 4. Nf3 Bd6 5. Bd3 c5 6. c3 Qc7 7. Nbd2 Bxf4 8. exf4 Qxf4 9. Ne5 cxd4 10. Ndf3 dxc3 11. bxc3 Ne4 12. Qa4+ Bd7 13. Nxd7 Nxd7 14. Bb5 Qc7 15. 0-0 a6 16. Rac1 Nec5 17. Qa3 0-0 18. Bxd7 Nxd7 19. Nd4 Nb6 20. Rc2 Nc4 21. Qb3 b5 22. a4 Rfb8 23. axb5 axb5 24. Rb1 Nd2 25. Rxd2 b4 26. cxb4 Qc4 27. Qxc4 dxc4 28. Rc2 Rxb4 29. Rcc1 Rab8 30. Rxb4 Rxb4 31. h3 c3 32. Nc2 Rc4 33. Ne3 Rc8 34. Kf1 g6 35. Ke2 Kg7 36. Kd3 Rd8+ 37. Kxc3 Rc8+ 38. Kd2 Rd8+ 39. Ke2 Ra8 40. Rc7 Ra2+ 41. Rc2 Ra8 42. Ng4 Rd8 43. Rc7 Rd5 44. g3 h5 45. Ne3 Re5 46. f4 Ra5 47. Kf3 Ra3 48. g4 hxg4+ 49. hxg4 Kf6 50. g5+ Kg7 51. Ke4 Ra4+ 52. Rc4 Ra3 53. Rc7 Ra4+ 54. Nc4 Ra1 55. Nd6 Re1+ 56. Kd4 Rd1+ 57. Ke5 Re1+ 58. Ne4 Ra1 59. Nc5 Re1+ 60. Kd6 Rd1+ 61. Kc6 Rc1 62. Kb5 Rb1+ 63. Kc4 Rc1+ 64. Kd3 Re1 65. Kd2 Rf1 66. Nxe6+ Kg8 67. Ke2 Ra1 68. Rc8+ Kh7 69. Nf8+ Kg7 70. Nd7 Ra7 71. Nf6 Ra2+ 72. Kf3 Rf2+ 73. Kxf2 1/2-1/2

[Event "British Universities-ch"]
[Site "Chess.com INT"]
[Date "2022.03.05"]
[Round "7.4"]
[White "Pennington, Owen"]
[Black "Salmon McConnachie, George"]
[Result "1-0"]
[WhiteElo "1578"]
[BlackElo "1362"]
[PlyCount "85"]
[EventDate "2022.03.05"]
[EventType "swiss"]
[EventRounds "9"]
[EventCountry "ENG"]
[SourceTitle "EXT 2023"]
[Source "ChessBase"]
[SourceDate "2022.10.05"]
[SourceVersion "1"]
[SourceVersionDate "2022.10.05"]
[SourceQuality "1"]
[WhiteTeam "Kent"]
[BlackTeam "Warwick (Bishops) VIII"]
[WhiteTeamCountry "ENG"]
[BlackTeamCountry "ENG"]

1. d4 Nf6 2. Bf4 d5 3. e3 c5 4. Nf3 e6 5. c3 Bd6 6. Bd3 Bxf4 7. exf4 Nc6 8. 0-0 c4 9. Bc2 0-0 10. Nbd2 b5 11. Ne5 Qc7 12. Qf3 Rb8 13. Qh3 b4 14. Ndf3 Ne4 15. Ng5 h6 16. f3 Nxg5 17. fxg5 Nxe5 18. dxe5 Qxe5 19. gxh6 Qe3+ 20. Kh1 Qxh6 21. Qxh6 gxh6 22. Rfe1 bxc3 23. bxc3 Rb2 24. Ba4 Kh7 25. Re5 Rg8 26. g4 f5 27. gxf5 exf5 28. Bc6 Rgg2 29. Bxd5 Rxh2+ 30. Kg1 Rxa2 31. Rae1 Rhg2+ 32. Kh1 Kg6 33. f4 Rgc2 34. Bxc4 Rxc3 35. Bxa2 Bb7+ 36. Kg1 Rg3+ 37. Kf1 Rf3+ 38. Ke2 Rh3 39. Rg1+ Kh5 40. Rxf5+ Kh4 41. Bf7 Rh2+ 42. Ke1 Be4 43. Rh5# 1-0